Dental and oral radiography: a textbook for students and practitioners of dentistry. (3rd ed.) (Record no. 31226)

MARC details
000 -LEADER
fixed length control field 00666nam a2200169 a 4500
008 - FIXED-LENGTH DATA ELEMENTS--GENERAL INFORMATION
fixed length control field 111014s1925 ||||||||||||||||| || u
050 ## - LIBRARY OF CONGRESS CALL NUMBER
Classification number RK 270 Mac
100 ## - MAIN ENTRY--PERSONAL NAME
Personal name McCoy, James David
245 10 - TITLE STATEMENT
Title Dental and oral radiography: a textbook for students and practitioners of dentistry. (3rd ed.)
250 ## - EDITION STATEMENT
Edition statement 3rd ed.
260 ## - PUBLICATION, DISTRIBUTION, ETC.
Place of publication, distribution, etc. St. Louis:
Name of publisher, distributor, etc. C. V. Mosby Company
Date of publication, distribution, etc. 1925
300 ## - PHYSICAL DESCRIPTION
Extent 197. : ill.
350 ## -
-- 0.00
650 #0 - SUBJECT ADDED ENTRY--TOPICAL TERM
Topical term or geographic name entry element DENTISTRY--ATLASES
650 ## - SUBJECT ADDED ENTRY--TOPICAL TERM
Topical term or geographic name entry element RADIOGRAPHY
995 ## -
-- MEDICAL LIBRARY OPEN ACCESS
-- 0.00
-- 901313
-- CBU-SCHOOL OF MEDICINE LIBRARY (Ndola)
-- 1
-- 0.00
-- RK 270 MAC
-- 1
-- AVAILABLE
-- Oct 14, 2011
-- 901313
-- Medical Library Open Access Collection
999 ## -
-- 31226
-- 31226
Holdings
Withdrawn status Lost status Source of classification or shelving scheme Damaged status Not for loan Permanent Location Current Location Shelving location Date acquired Total Checkouts Full call number Barcode Date last seen Date last checked out Price effective from Koha item type
          CBU-SCHOOL OF MEDICINE LIBRARY, NDOLA. CBU-MICHAEL CHILUFYA SATA LIBRARY   11/30/2022 1 RK 270 Mac 901313 09/05/2024 08/22/2024 11/30/2022 MONOGRAPH